Surnames - Multiple Choice #11 - Statistics

General Stats
  • This quiz has been taken 9 times
  • The average score is 11 of 15
Answer Stats
Question Answer % Correct
Jackson English
100%
Sigurdsson Icelandic
100%
Sarangapani Indian
100%
Tanaka Japanese
100%
Ortiz Spanish
100%
Yaremchuk Ukrainian
100%
Bui Vietnamese
100%
Wen Chinese
67%
Shain Jewish
67%
Sulecki Polish
67%
Batman Turkish
67%
Mihov Bulgarian
33%
Olsen Danish
33%
Makris Greek
33%
Levsha Russian
0%
No matching quizzes found
Score Distribution
Percent of People with Each Score
Percentile by Number Answered
Your Score History
You have not taken this quiz